000 00573nam a22001817a 4500
008 161105b xxu||||| |||| 00| 0 eng d
020 _a9780600628866
082 _22014
_aDRef 030
_bT27
100 _916972
_aTerry, Paul
245 _aTop 10 of everything /
_cPaul Terry.
260 _aLondon :
_bOctopus Publishing group, Ltd,
_cc2014.
300 _a320 pages :
_bcolor illustrations;
_c24 cm.
500 _aIncludes indexes.
650 0 _916973
_aCuriosities and wonders
650 0 _916974
_aWorld records
_xMiscelllanea
365 _b1095.00
_cPhp
942 _2ddc
_cDREF
999 _c5507
_d5507